00898nam a22002537a 450000500170000001000110001702000210002803500110004903700160006004000120007608200130008810000260010124500910012726000420021827000390026030000260029950000490032565000240037465000580039870000290045694200220048599900190050795201180052620170124110106.0 a548377 c00.00a048910333 a548377 bCen Lib/Ret aDPLbEN a920bRUS aRussell, Ralph923606 aThree mughal poets :cby Ralph Russell [and] Khurshidul IslambMir Sauda, Mir Hasan / aLondonbGeorge Allen And Unwin c1969 aRuksin House Museum StreetbLondon axiii,290p. c20cm(Hb) aIncludes bibliographical reference and index aUrdu poetry9104413 aSaudā, Mirzā Muḥammad Rafiʻ, 1713-17819104414 aKhurshidul Islam9104415 2ddccENh920mRUS c130063d130063 00104070aLbLd2015-07-08eCen Lib/Retg0.00l0o920 RUSp548377r2015-07-08 00:00:00t1v0.00w2015-07-08yEN